Estadísticas para Grupos de Nueve

Haz click aquí para intentar la prueba.

Estadísticas generales

  • Esta prueba ha sido intentada 1.557 veces
  • La puntuación promedio es 40 de 81

Estadísticas de respuestas

GrupoRespuesta% Correcto
Los países del mar BálticoRusia
98%
Los países con armas nuclearesRusia
98%
Los planetas (antes de 2006)Júpiter
96%
Los planetas (antes de 2006)Marte
96%
Los planetas (antes de 2006)Plutón
96%
Los planetas (antes de 2006)Saturno
96%
Los planetas (antes de 2006)Tierra
96%
Los planetas (antes de 2006)Venus
96%
Los países con armas nuclearesEstados Unidos
95%
Los planetas (antes de 2006)Mercurio
95%
Los planetas (antes de 2006)Urano
94%
Los planetas (antes de 2006)Neptuno
93%
Los países del mar BálticoAlemania
90%
Los países del mar BálticoEstonia
88%
Los países del mar BálticoLetonia
88%
Los países del mar BálticoLituania
88%
Los países del mar BálticoSuecia
88%
Los países con armas nuclearesChina
87%
Los países del mar BálticoDinamarca
87%
Los países del mar BálticoFinlandia
87%
Los países del mar BálticoPolonia
87%
Los países con armas nuclearesCorea del Norte
86%
Los países con armas nuclearesFrancia
80%
Los países con armas nuclearesReino Unido
76%
Los renos navideñosRodolfo
72%
Los países con armas nuclearesIndia
70%
Las manos del póquerEscalera
68%
Las manos de póquerPareja
63%
Las manos del póquerTercia
63%
Las manos del póquerPóquer
62%
Los nombres de los reyes de Inglaterra (despues de 1066)Carlos
56%
Las posiciones del béisbolLanzador
56%
Las manos del póquerColor
55%
Los nombres de los reyes de Inglaterra (después de 1066)Enrique
55%
Los países con armas nuclearesIsrael
55%
Las manos del póquerFull
54%
Las manos del póquerEscalera de color
53%
Los países con armas nuclearesPakistán
52%
La Comunidad del AnilloFrodo
51%
Las manos de póquerDoble pareja
46%
Los nombres de los reyes de Inglaterra (despues de 1066)Juan
46%
La Comunidad del AnilloGandalf
45%
La Comunidad del AnilloSamsagaz
44%
Los nombres de los reyes de Inglaterra (despues de 1066)Jorge
43%
La Comunidad del AnilloLegolas
43%
La Comunidad del AnilloAragorn
40%
Las posiciones del béisbolReceptor
40%
Los nombres de los reyes de Inglaterra (después de 1066)Guillermo
38%
Los nombres de los reyes de Inglaterra (despues de 1066)Eduardo
36%
Las manos de póquerCarta alta
31%
La Comunidad del AnilloPippin
31%
La Comunidad del AnilloGimli
30%
La Comunidad del AnilloMerry
30%
La Comunidad del AnilloBoromir
28%
Los nombres de los reyes de Inglaterra (despues de 1066)Jacobo
26%
Las posiciones del béisbolPrimera Base
26%
Los nombres de los reyes de Inglaterra (despues de 1066)Ricardo
26%
Las posiciones del béisbolSegunda Base
26%
Las posiciones del béisbolTercera Base
26%
Las posiciones del béisbolJardinero central
16%
Las posiciones del béisbolJardinero derecho
16%
Las posiciones del béisbolJardinero izquierdo
16%
Las posiciones del béisbolCampocorto
15%
Los renos navideñosCometa
15%
Los nombres de los reyes de Inglaterra (después de 1066)Esteban
15%
Los renos navideñosRelámpago
15%
Los renos navideñosSaltarín
15%
Los renos navideñosTrueno
15%
Los renos navideñosDanzarín
14%
Los renos navideñosBrioso
13%
Los renos navideñosBromista
13%
Los renos navideñosCupido
13%
Los miembros de la tribu BradyPeter
13%
Los miembros de la tribu BradyMarcia
11%
Los miembros de la tribu BradyGreg
10%
Los miembros de la tribu BradyJan
10%
Los miembros de la tribu BradyMike
10%
Los miembros de la tribu BradyAlice
9%
Los miembros de la tribu BradyBobby
9%
Los miembros de la tribu BradyCarol
9%
Los miembros de la tribu BradyCindy
9%

Distribución de puntuación

Porcentaje por número respondido

Porcentaje de gente con cada puntuación

Historial de tus puntuaciones

No has intentado esta prueba.